The Good Doctor episodes - Statistics

General Stats
  • This quiz has been taken 8 times
    4 since last reset
  • The average score is 6 of 81
Answer Stats
season episode title % Correct
Trampoline
67%
36 Hours
33%
Aftermath
33%
Apple
33%
Breakdown
33%
Carrots
33%
Claire
33%
Empathy
33%
Faces
33%
2 Hello
33%
Hubert
33%
Middle Ground
33%
Risk and Reward
33%
Sex and Death
33%
She
33%
Smile
33%
Stories
33%
Xin
33%
22 steps
0%
45 Degree angle
0%
autopsy
0%
Believe
0%
1 Burnt Food
0%
Crazytown
0%
Debts
0%
Decrypt
0%
3 Disaster
0%
Dr Ted
0%
Fault
0%
First case, second base
0%
Fixation
0%
Forgive or forget
0%
Fractured
0%
Friends and family
0%
4 frontline
0%
part 2 of premier Frontline
0%
Gender Reveal
0%
Heart Break
0%
Heartfelt
0%
Hurt
0%
I love you
0%
Incomplete
0%
Influence
0%
Intangibles
0%
irresponsible salad bar practices
0%
Islands Part 1
0%
Islands Part 2
0%
Letting go
0%
Lim
0%
Measure of Intelligence
0%
Moonshot
0%
More
0%
Mount Rushmore
0%
Mutations
0%
5 New Beginnings
0%
Newbies
0%
Not Fake
0%
Not the same
0%
Oliver
0%
Pain
0%
Parenting
0%
Piece of Cake
0%
Pipes
0%
Point three Percent
0%
Quarantine part 2
0%
Quaratine Part 1
0%
Rationality
0%
Sacrifice
0%
Seven Reasons
0%
SFAD
0%
Spilled Milk
0%
Take my hand
0%
Teeny Blue eyes
0%
The Uncertainty Principle
0%
Tough Titmouse
0%
Two-Ply (or Not Two-Ply)
0%
Unsaid
0%
Vamos
0%
Venga
0%
Waiting
0%
We're all crazy sometimes
0%
No matching quizzes found
Score Distribution
Percent of People with Each Score
Percentile by Number Answered
Your Score History
You have not taken this quiz since the last reset